000 00306nam a2200133Ia 4500
008 230711s9999||||xx |||||||||||||| ||und||
041 _aENG
082 _a800
_bTH-G
100 _aThani,Lokesh
245 0 _aGymnastics
260 _c1996
_aNew Delhi
_bPradeep publishers
650 _aLiterature
942 _cBK
999 _c2957
_d2957